Central Library OPAC University of Rajshahi

Algebra and Trigonometry : (Record no. 54701)

MARC details
000 -LEADER
fixed length control field 00804nam a22002657a 4500
001 - CONTROL NUMBER
control field 54701
003 - CONTROL NUMBER IDENTIFIER
rucl marc code BD-RjUL
005 - DATE AND TIME OF LATEST TRANSACTION
control field 20211209080146.0
008 - FIXED-LENGTH DATA ELEMENTS--GENERAL INFORMATION
fixed length control field 161109m19831982enka|||| |||| 001 0 eng d
020 ## - INTERNATIONAL STANDARD BOOK NUMBER
International Standard Book Number : 0201134047
035 ## - SYSTEM CONTROL NUMBER
System control number (BD-RjUL)54823
040 ## - CATALOGING SOURCE
Original cataloging agency BD-RjUL
Language of cataloging eng
Transcribing agency BD-RjUL
Modifying agency BD-RjUL
041 ## - LANGUAGE CODE
Language code of text/sound track or separate title eng
082 ## - DEWEY DECIMAL CLASSIFICATION NUMBER
Edition number 23
Classification number 512.13
Author mark and year KEA 1983
100 ## - MAIN ENTRY--PERSONAL NAME
Personal name Keedy, M.L.
9 (RLIN) 163113
245 ## - TITLE STATEMENT
Title Algebra and Trigonometry :
Remainder of title a functions approach /
Statement of responsibility, etc. By M.L. Keedy, Marvin L. Bittinger
250 ## - EDITION STATEMENT
Edition statement 3rd ed.
260 ## - PUBLICATION, DISTRIBUTION, ETC. (IMPRINT)
Place of publication, distribution, etc. London :
Name of publisher, distributor, etc. Addison -Wesley Publishing company,
Date of publication, distribution, etc. 1982, [Reprinted 1983]
300 ## - PHYSICAL DESCRIPTION
Pagination xiii, 622 p. :
Illustrations ill ;
Size 25 cm.
500 ## - GENERAL NOTE
General note Includes index
650 ## - SUBJECT ADDED ENTRY--TOPICAL TERM
Topical term or geographic name as entry element Algebra
9 (RLIN) 163114
Topical term or geographic name as entry element Trigonometry
9 (RLIN) 163115
700 ## - ADDED ENTRY--PERSONAL NAME
Personal name Bittinger, Marvin L.
942 ## - ADDED ENTRY ELEMENTS (KOHA)
Source of classification or shelving scheme Dewey Decimal Classification
Koha item type Books
Holdings
Lost status Source of classification or shelving scheme Damaged status Not for loan Collection code Permanent Location Current Location Shelving location Date acquired Source of acquisition Total Checkouts Full call number Date last seen Copy number Koha item type
  Dewey Decimal Classification     Non-fiction Central Library, University of Rajshahi Central Library, University of Rajshahi   14/12/1990 Asia foundation, USA   512.13 KEA 1983 09/11/2016 C-2 Books
  Dewey Decimal Classification   Not For Loan Non-fiction Central Library, University of Rajshahi Central Library, University of Rajshahi Reading Room 05/10/2005     512.13 KEA 1983 22/04/2017 C-1 Books